| 000 | 00516nam a22001937a 4500 | ||
|---|---|---|---|
| 003 | MPLRDC | ||
| 005 | 20220104183506.0 | ||
| 008 | 210129b ||||| |||| 00| 0 eng d | ||
| 020 | _a986-175-116-0 | ||
| 082 | _a785.28 PAU-2 | ||
| 100 | _aRANDY PAUSCH | ||
| 245 |
_a最后的演讲 _c陈信宏 译 |
||
| 250 | _a初版 | ||
| 260 |
_a台湾 _b方智出版社股份有限公司 _c2008 |
||
| 300 | _b平 | ||
| 490 | _a方智丛书: 164 | ||
| 650 | _a美国人物传记--RANDY PAUSCH | ||
| 942 |
_cBK _o785.28 PAU-2 |
||
| 999 |
_c62428 _d62418 |
||